Grey's Anatomy Characters Quiz Stats

 Plays Quiz Updated Jul 30, 2018

Score 0/35 Timer 06:00
9 Plays Today
Actor Character % Correct
Ellen PompeoMeredith Grey
95.2%
Patrick DempseyDerek Shepherd
95.1%
Katherine HeiglIzzie Stevens
91.3%
T. R. KnightGeorge O'Malley
90.4%
Sandra OhCristina Yang
90.1%
Chandra WilsonMiranda Bailey
87.1%
Justin ChambersAlex Karev
85.6%
Eric DaneMark Sloan
84.9%
Jesse WilliamsJackson Avery
83%
Sarah DrewApril Kepner
80.6%
Kate WalshAddison Montgomery
79.6%
Camilla LuddingtonJo Wilson
78.7%
Sara RamírezCallie Torres
77.9%
James Pickens Jr.Richard Webber
77.2%
Isaiah WashingtonPreston Burke
77.1%
Caterina ScorsoneAmelia Shepherd
69.5%
Chyler LeighLexie Grey
67.6%
Jessica CapshawArizona Robbins
60.9%
Actor Character % Correct
Kim RaverTeddy Altman
60%
Kevin McKiddOwen Hunt
59.6%
Jerrika HintonStephanie Edwards
56.5%
Kelly McCrearyMaggie Pierce
55.8%
Giacomo GianniottiAndrew DeLuca
53.4%
Jeffrey Dean MorganDenny Duquette
46.7%
Loretta DevineAdele Webber
42.4%
Martin HendersonNathan Riggs
39.4%
Tessa FerrerLeah Murphy
35.8%
Gaius CharlesShane Ross
35.1%
Brooke SmithErica Hahn
34.7%
Kate BurtonEllis Grey
32.9%
Jason GeorgeBenjamin Warren
24.3%
Elizabeth ReaserRebecca Pope
23.8%
Jeff PerryThatcher Grey
23.3%
Melissa GeorgeSadie Harris
16.7%
Steven W. BaileyJoe the Bartender
15.9%

You're not logged in!

Compare scores with friends on all Sporcle quizzes.
OR
Log In

Sporcle TV

Today on Sporcle TV


Watch our educational content, quiz creation guides, and fun videos on Sporcle TV.

Show Comments

Extras

Top Quizzes Today


Score Distribution

Your Account Isn't Verified!

In order to create a playlist on Sporcle, you need to verify the email address you used during registration. Go to your Sporcle Settings to finish the process.

Report this User

Report this user for behavior that violates our Community Guidelines.

Details: